| 000 | 01736nam a2200433Ii 4500 | ||
|---|---|---|---|
| 001 | DIGINTRMED0065 | ||
| 003 | NyNyDIG | ||
| 008 | 230721s2015 ck ob 000 0bspa d | ||
| 006 | m o d | ||
| 007 | cr ||||||||||| | ||
| 035 | _a(OCoLC)1391272829 | ||
| 040 |
_aDGITA _beng _erda _epn _cDGITA |
||
| 020 |
_a9789587574906 _qeBook |
||
| 020 | _z9789587574890 | ||
| 050 | 1 | 4 | _aRD96.45.P66 ebook |
| 100 | 1 |
_aSoto, Martha Elvira, _eauthor. |
|
| 245 | 1 | 3 |
_aEl renacimiento de Natalia Ponce de León : _bitinerario de una vida que venció a la barbarie / _cMartha Soto. |
| 250 | _aPrimera edición. | ||
| 264 | 1 |
_aBogotá, Colombia : _bIntermedio Editores, _c[2015] |
|
| 300 |
_a1 online resource : _billustrations. |
||
| 336 |
_atext _btxt _2rdacontent |
||
| 337 |
_acomputer _bc _2rdamedia |
||
| 338 |
_aonline resource _bcr _2rdacarrier |
||
| 347 |
_atext file _2rdaft |
||
| 347 | _bEPUB | ||
| 504 | _aIncludes bibliographical references. | ||
| 588 | 0 | _aOnline resource; title from ePub title page (Digitalia, viewed July 21, 2023) | |
| 600 | 1 | 0 |
_aPonce de León, Natalia _vBiography. |
| 650 | 0 |
_aWomen _xCrimes against _zColombia. |
|
| 650 | 0 |
_aWomen _xViolence against _zColombia. |
|
| 650 | 0 |
_aChemical burns _xPatients _zColombia _zBogotá _vBiography. |
|
| 655 | 7 |
_aBiographies. _2lcgft |
|
| 776 | 0 | 8 |
_iPrint version: _aSoto, Martha Elvira. _tRenacimiento de Natalia Ponce de León. _bPrimera edición. _dBogotá, Colombia : Intermedio Editores, [2015] _z9789587574890 |
| 791 | 2 |
_aDigitalia (Firm), _edistributor. |
|
| 793 | 0 |
_gDigitalia eBook Collection: _aIntermedio Editores |
|
| 856 | 4 | 0 |
_3Digitalia Hispánica _uhttps://www.digitaliapublishing.com/a/52385/ |
| 910 | _aPremium collection: 2023 | ||
| 942 | _cRAA | ||
| 999 |
_c253245 _d253245 |
||